000 00343nam a22001457a 4500
008 230516b ||||| |||| 00| 0 eng d
020 _a9780826119094
041 _aeng
080 _2SIXTH EDITION
_a330
082 _a330GUT
100 _a22
101 _aMENAXH
245 _aMANAGEMENT OF DIABETES MELLITUS
_cGUTHRIE.W.D
942 _2udc
_cBK
999 _c59743
_d59743